Petit Bac (Géographie) - Lettre Y - Statistiques

Statistiques générales
  • Ce quiz a été pris 163 fois
  • Le résultat moyen est 4 sur 8
Statistiques - réponses
Thèmes Mots commençant par Y % Correct
Pays Yemen
99%
Département français Yonne / Yvelines
90%
Ville du Royaume Uni de plus de 50 000 habitants York
67%
Capitale Yaoundé / Yamoussoukro / Yaren
59%
État du Mexique Yucatán
33%
Territoire du Canada Yukon
22%
Fleuve Yangzi Jiang / Yukon / Yalu
9%
Ville des Etats-Unis de plus de 200 000 habitants Yonkers
0%
Aucun quiz correspondant
Distribution des résultats
% des personnes avec chaque résultat
Percentile par nombre de réponses
Votre historique - résultats
Vous n’avez pas pris ce quiz